Southville International School and Colleges
Your cart is empty.
  • Cart
  • Lists
    Public lists Eva Luna New books Lux_list list_1
    Your lists Log in to create your own lists
  • Log in to your account
  • Your cookies
  • Search history
Southville International School and Colleges
  • Advanced search
  • Recent comments
  • Most popular
  • Libraries

Log in to your account

Log in with GOOGLE


If you do not have an external account, but do have a local account, you can still log in:

  1. Home
  2. MARC view: Coping strategies of selected working college students in Batangas City /
Normal view MARC view ISBD view

Coping strategies of selected working college students in Batangas City / (Record no. 96677)

[ view plain ]
MARC details
000 -LEADER
fixed length control field 00731nam a2200193 a 4500
003 - CONTROL NUMBER IDENTIFIER
control field 0
005 - DATE AND TIME OF LATEST TRANSACTION
control field 20250602160237.0
008 - FIXED-LENGTH DATA ELEMENTS--GENERAL INFORMATION
fixed length control field 021119s19uu xx 00 eng d
050 ## - LIBRARY OF CONGRESS CALL NUMBER
Classification number PHS BF 637.C6
Item number .Ar38 2002
100 ## - MAIN ENTRY--PERSONAL NAME
Personal name Arguelles, Merry-Christianne A.
245 ## - TITLE STATEMENT
Title Coping strategies of selected working college students in Batangas City /
Statement of responsibility, etc Merry-Christianne A. Arguelles.
260 ## - PUBLICATION, DISTRIBUTION, ETC. (IMPRINT)
Place of publication, distribution, etc Las Piñas City, Philippines :
Name of publisher, distributor, etc Southville International School and Colleges,
Date of publication, distribution, etc 2002.
300 ## - PHYSICAL DESCRIPTION
Extent 32 pages :
Other physical details illustrations ;
Dimensions 28 cm.
504 ## - BIBLIOGRAPHY, ETC. NOTE
Bibliography, etc Includes bibliographical references.
650 ## - SUBJECT ADDED ENTRY--TOPICAL TERM
Topical term or geographic name as entry element Stress management.
650 ## - SUBJECT ADDED ENTRY--TOPICAL TERM
Topical term or geographic name as entry element Work-life balance.
650 ## - SUBJECT ADDED ENTRY--TOPICAL TERM
Topical term or geographic name as entry element Student employment
Geographic subdivision Philippines
-- Batangas City.
942 ## - ADDED ENTRY ELEMENTS (KOHA)
Koha item type PASS
Source of classification or shelving scheme Library of Congress Classification
Holdings
Withdrawn status Lost status Source of classification or shelving scheme Damaged status Home library Current library Shelving location Date acquired Source of acquisition Total Checkouts Full call number Barcode Date last seen Price effective from Koha item type
    Library of Congress Classification   Luxembourg Library Luxembourg Library Portfolio Assessment of SISC Students Section 11/19/2002 Donation   PHS BF 637.C6 .Ar38 2002 P0658 04/08/2014 04/08/2014 PASS

Coping strategies of selected working college students in Batangas City /

APA

Arguelles M. A., . (2002). Coping strategies of selected working college students in Batangas City. Las Piñas City, Philippines: Southville International School and Colleges.

Chicago

Arguelles Merry-Christianne A, . 2002. Coping strategies of selected working college students in Batangas City. Las Piñas City, Philippines: Southville International School and Colleges.

Harvard

Arguelles M. A., . (2002). Coping strategies of selected working college students in Batangas City. Las Piñas City, Philippines: Southville International School and Colleges.

MLA

Arguelles Merry-Christianne A, . Coping strategies of selected working college students in Batangas City. Las Piñas City, Philippines: Southville International School and Colleges. 2002.

  • Print
  • Cite
  • Add to your cart (remove)
  • Save record
    BIBTEX Dublin Core MARCXML MARC (non-Unicode/MARC-8) MARC (Unicode/UTF-8) MARC (Unicode/UTF-8, Standard) MODS (XML) RIS
  • More searches
    Search for this title in:
    Other Libraries (WorldCat) Other Databases (Google Scholar) Online Stores (Bookfinder.com) Open Library (openlibrary.org)

Exporting to Dublin Core...

SOUTHVILLE LIBRARY

Southville International School and Colleges Library

1281 Tropical Ave. Cor. Luxembourg St., BF Homes International, Las Pinas City

Tel. No. 8256374 / 252358 Loc. 117/146

Powered by Koha